Statistics for German Philosophers

Click here to take the quiz!

General Stats

  • This quiz has been taken 131 times
    (118 since last reset)
  • The average score is 11 of 19

Answer Stats

LifemovementHintAnswer% Correct
1844-1900philosophy with a hammerChristianity is a slave moralityFriedrich Nietzsche
96%
1724-1804enlightened philospherthe categorical imperativeImmanuel Kant
94%
1818-1883political philosophyThe history of all hitherto existing society is the history of class struggleKarl Marx
91%
1770-1831idealistic philosophyDialecticsGeorg Wilhelm Friedrich Hegel
89%
1889-1976ontological and existential philosophyBeing and TimeMartin Heidegger
87%
1906-1975political philosophythe origins of totalitarianismHannah Arendt
76%
1646-1716rational philosophythe best possible worldGottfried Wilhelm Leibniz
73%
1889-1951philosophy of language and logicWhereof one cannot speak, one must be silent.Ludwig Wittgenstein
73%
1859-1938phenemenological philosophyfounder of phenomenologyEdmond Husserl
67%
1928-political philosophycommunicative rationalityJürgen Habermas
61%
1903-1969political philosophyMinima MoraliaTheodor Adorno
54%
1804-1872Left Hegelianman must have created GodLudwig Feuerbach
46%
1900-2002Hermeneutic philosophyTruth and MethodHans-Georg Gadamer
39%
1898-1979political philosophythe one dimensional manHerbert Marcuse
39%
ca1260-1328Christian MysticismOnly medieval theologian condemned a heretic by the inquisitionMeister Eckhart
31%
1888-1985political and legal philosopherthe concept of the politicalCarl Schmitt
27%
1883-1969esistential philosopherthe question of the German guiltKarl Jaspers
26%
1744-1803philosophy of language and historyall peoples have their own specific identityJohann Gottfried von Herder
24%
1947-cultural philosophyfinding alternatives for cynicismPeter Sloterdijk
12%

Score Distribution

Percentile by Number Answered

Percent of People with Each Score

Your Score History

You have not taken this quiz since the last reset